Strażnicy IV Rzeszy
| Titel: | Strażnicy IV Rzeszy / Maciej Bartków |
|---|---|
| Verfasser: | |
| Veröffentlicht: | Kraków : Technol, 2016 |
| Umfang: | 856 Seiten : Illustrationen |
| Format: | Buch |
| Sprache: | Polnisch |
| Schriftenreihe/ mehrbändiges Werk: |
Nieznana Historia ; publikacja nr 7 |
| ISBN: | 9788360762592 |
| Hinweise zum Inhalt: |
Inhaltsverzeichnis
|
alg: 39709017 001A $03004:22-12-16 001B $01999:05-04-17 $t11:40:15.000 001C $03004:30-03-17 $t10:41:53.000 001D $03004:30-03-17 001U $0utf8 001X $00 002@ $0Aau 002C $aText $btxt $2rdacontent 002D $aohne Hilfsmittel zu benutzen $bn $2rdamedia 002E $aBand $bnc $2rdacarrier 003@ $039709017X 004A $A978-83-60762-59-2 007A $039709017X $aHEB 007G $0DE020EFFF124C2863614BC12580F800341AC3 009P $qapplication/pdf $A2 $3Inhaltsverzeichnis $uhttp://scans.hebis.de/HEBCGI/show.pl?39709017_toc.pdf $mV:DE-603;B:DE-Mb50 010@ $apol 010E $erda 011@ $a2016 021A $aStrażnicy IV Rzeszy $hMaciej Bartków 027A $aStrażnicy Czwartej Rzeszy 028A $BVerfasser $4aut $71123154813 $8Bartków, Maciej$Z1973- [Tp3] $9398057826 033A $pKraków $nTechnol 034D $a856 Seiten 034M $aIllustrationen 036E $aNieznana Historia $lpublikacja nr 7 037A $aLiteraturverzeichnis Seite 843-856 044K $RSchlesien $RSchlesien $#Niederschlesien $#Dolny Śląsk $#Dolní Slezsko $74042237-9 $8Niederschlesien [Tg1] $9085116734 044K $RDeutsche Frau $#Deutsche $#Deutscher $#Deutscher $#Deutscher Mann $74070334-4 $8Deutsche [Tsz] $9085197807 044K $RPolitische Bewegung $RSoziale Bewegung $#Underground movements, War $#Mouvements de résistance $74186983-7 $8Untergrundbewegung [Ts1] $9085915351 045R $aGeschichte 1945-1960 lok: 39709017 24 exp: 39709017 24 1 #EPN 201B/01 $030-03-17 $t10:40:39.000 201C/01 $022-12-16 201U/01 $0utf8 203@/01 $0797612505 208@/01 $a30-03-17 $bz 209A/01 $a17.01226 $du $f050 $h17 01226 $x00 209C/01 $a17.01226 K $h17 01226 K 209G/01 $a73798400 $x00 220C/01 $aho-sz 247C/01 $8358050-7Marburg, Bibliothek des Herder-Instituts Marburg $9102600961 lok: 39709017 78 exp: 39709017 78 1 #EPN 201B/01 $014-10-19 $t11:15:20.000 201C/01 $014-10-19 201U/01 $0utf8 203@/01 $01063714338 208@/01 $a14-10-19 $be 209A/01 $a/ $f000 $x00 209A/01 $ab*p $x01 220C/01 $apgar 244Z/01 $#Generalgouvernement Polen $#Polska $#Rzeczpospolita Polska $#Polska Rzeczpospolita Ludowa $#Poland $#Pologne $#République Polonaise $#Generalne Gubernatorstwo w Polsce $#Polish People's Republic $#Polska Rzeczpospolita Polen $#PRL $#RP $#Polen Generalgouvernement $#Polska Generalgouvernement $#Besetzte Polnische Gebiete $#Besetztes Gebiet in Polen $#Okupowane Polskie Obszary $#Obszary Okupowane w Polsce $#Volksrepublik Polen $#Polska Rosyjska $#Republic Polen $#Respublika Pol'ša $#Pol'skaja Narodnaja Respublika $#République de Pologne $#Polen Links der Weichsel $#Polska po Lewej Stronie Wisły $#Lenkija $#Polija $#Gubernija Carstva Pol'skago $#Republik Polen $74046496-9 $8--Tg1--Polen $x01 $9085129801 244Z/01 $#Schlesien $#Schlesien $#Herzogtum Schlesien $#Herzogtum Schlesien Schlesien $#Provinz Schlesien $#Śla̜sk $#Slezsko $#Silesia $74052678-1 $8--Tg1--Schlesien $x02 $9085146781 247C/01 $82080>Marburg/Lahn, Herder-Institut, Forschungsbibliothek, Bibliographieportal $9336309341
| LEADER | 00000cam a2200000 c 4500 | ||
|---|---|---|---|
| 001 | 39709017X | ||
| 003 | DE-603 | ||
| 005 | 20170405114015.0 | ||
| 007 | tu | ||
| 008 | 161222s2016 xx |||| | u00||u|pol c | ||
| 020 | |a 9788360762592 | ||
| 035 | |a (DE-599)HEB39709017X | ||
| 040 | |a DE-603 |b ger |c DE-603 |d DE-603 |e rda | ||
| 041 | |a pol | ||
| 100 | 1 | |a Bartków, Maciej |d 1973- |e Verfasser |4 aut |0 (DE-603)398057826 |0 (DE-588)1123154813 |2 gnd | |
| 245 | 0 | 0 | |a Strażnicy IV Rzeszy |c Maciej Bartków |
| 246 | 1 | 3 | |a Strażnicy Czwartej Rzeszy |
| 264 | 1 | |a Kraków |b Technol |c 2016 | |
| 300 | |a 856 Seiten |b Illustrationen | ||
| 336 | |a Text |b txt |2 rdacontent | ||
| 337 | |a ohne Hilfsmittel zu benutzen |b n |2 rdamedia | ||
| 338 | |a Band |b nc |2 rdacarrier | ||
| 490 | 0 | |a Nieznana Historia |v publikacja nr 7 | |
| 500 | |a Literaturverzeichnis Seite 843-856 | ||
| 648 | 7 | |a Geschichte 1945-1960 |2 gnd | |
| 650 | 7 | |a Deutsche |0 (DE-588)4070334-4 |0 (DE-603)085197807 |2 gnd | |
| 650 | 7 | |a Untergrundbewegung |0 (DE-588)4186983-7 |0 (DE-603)085915351 |2 gnd | |
| 651 | 7 | |a Niederschlesien |0 (DE-588)4042237-9 |0 (DE-603)085116734 |2 gnd | |
| 856 | 4 | 2 | |m V:DE-603;B:DE-Mb50 |q application/pdf |u http://scans.hebis.de/HEBCGI/show.pl?39709017_toc.pdf |3 Inhaltsverzeichnis |
| 924 | 0 | |9 Mb 50 |a (DE-603)797612505 |b DE-Mb50 |c HES |d c |g 17.01226 | |
| 924 | 0 | |9 2080 |a (DE-603)1063714338 |b DE-2080 |c HES |d d |g / | |


